Word Ladder: '60s Crime Flick Quiz Stats

 Plays Quiz Updated Nov 25, 2014

Challenge
Share
Tweet
Embed
Score 0/17 Timer 02:00
1 Play Today
Clue 4-Letter Word % Correct
Place to swimPOOL
98.3%
'____-n-Pepa'SALT
94.1%
▲____ Newman, Actor who plays [Rung 17]▲▲PAUL▲
93.9%
Erie or Huron, e.g.LAKE
92.2%
Record the vote ofPOLL
92.1%
Stop shortHALT
92%
Narrow rural roadLANE
88.7%
First king of IsraelSAUL
88.4%
Sword's handleHILT
87.5%
Clue 4-Letter Word % Correct
Coffin clothPALL
87.1%
Slight indicationHINT
82.3%
Macky ____, Senegalese presidentSALL
80.2%
Situated at the backHIND
76.2%
Ire, Ice, or Fin, e.g.LAND
72.6%
▲[Rung 1] ____ [Rung 17], 1967 crime film▲▲HAND▲
70.6%
▲____ [Rung 13] [Rung 17], 1967 crime film▲▲COOL▲
69.5%
▲[Rung 1] [Rung 13] ____, 1967 crime film▲▲LUKE▲
66.4%

Today's Daily Dose

You're not logged in!

Compare scores with friends on all Sporcle quizzes.
OR
Log In

You Might Also Like...

Show Comments

Extras

Top Quizzes Today


Score Distribution

Your Account Isn't Verified!

In order to create a playlist on Sporcle, you need to verify the email address you used during registration. Go to your Sporcle Settings to finish the process.

Report this User

Report this user for behavior that violates our Community Guidelines.

Details: